[Event "4NCL/Div2/SLOS2 vs. WRO"]
[Site "Sunningdale ENG"]
[Date "2006.09.16"]
[Round "1.1"]
[White "de Coverly, Roger"]
[Black "Van de Griendt, Jan W"]
[Result "0-1"]
[WhiteElo "2075"]
[BlackElo "2373"]
[PlyCount "72"]
[EventDate "2006.09.16"]
[EventType "team"]
[EventRounds "11"]
[EventCountry "ENG"]
[WhiteTeam "Slough Sharks 2"]
[BlackTeam "White Rose"]

1. Nf3 Nf6 2. c4 c5 3. g3 e6 4. Bg2 Be7 5. O-O O-O 6. Nc3 a6 7. d4 cxd4 8. Nxd4
Qc7 9. Qd3 d6 10. Bd2 Nbd7 11. b3 Re8 12. Rac1 Ne5 13. Qb1 Bd7 14. e4 Rac8 15.
h3 Qb8 16. a4 Bd8 17. Be3 Nc6 18. Nxc6 Bxc6 19. b4 b6 20. Rfd1 Bb7 21. Qd3 Bc7
22. f4 Qa8 23. g4 h6 24. Bf3 Nd7 25. Rd2 Qb8 26. Rcd1 Nf8 27. Qf1 d5 28. cxd5
Bxf4 29. Bxf4 Qxf4 30. Rd3 exd5 31. Nxd5 Bxd5 32. exd5 Rc2 33. Bg2 Qxb4 34. Rd4
Qc5 35. Qxa6 Ree2 36. Bf1 Red2 0-1

[Event "4NCL/Div2/SLOS2 vs. WRO"]
[Site "Sunningdale ENG"]
[Date "2006.09.16"]
[Round "1.2"]
[White "Kaid, Almar"]
[Black "Armstrong, Malcolm"]
[Result "0-1"]
[WhiteElo "2281"]
[BlackElo "2111"]
[PlyCount "70"]
[EventDate "2006.09.16"]
[EventType "team"]
[EventRounds "11"]
[EventCountry "ENG"]
[WhiteTeam "White Rose"]
[BlackTeam "Slough Sharks 2"]

1. Nf3 Nf6 2. g3 c5 3. c4 Nc6 4. Bg2 g6 5. b3 Bg7 6. Bb2 O-O 7. O-O b6 8. d4
cxd4 9. Nxd4 Bb7 10. Nc3 Qc8 11. Nc2 d6 12. Nd5 Nxd5 13. Bxg7 Ne3 14. Nxe3 Kxg7
15. Nd5 Qd7 16. Qd2 Rad8 17. Rad1 h5 18. Qb2+ Kg8 19. f4 Nb8 20. f5 Bxd5 21.
cxd5 Qe8 22. g4 hxg4 23. Rd4 Nd7 24. Rxg4 Ne5 25. Rg3 f6 26. fxg6 Kg7 27. Rf4
Rh8 28. Qd4 Qb5 29. Qe4 Rc8 30. Bf1 Rh6 31. Rh4 Rch8 32. Rxh6 Rxh6 33. h4 Qe8
34. Bh3 Rxg6 35. h5 Rxg3+ 0-1

[Event "4NCL/Div2/SLOS2 vs. WRO"]
[Site "Sunningdale ENG"]
[Date "2006.09.16"]
[Round "1.3"]
[White "McGowan, Daniel"]
[Black "Adams, David M"]
[Result "0-1"]
[WhiteElo "2109"]
[BlackElo "2223"]
[PlyCount "208"]
[EventDate "2006.09.16"]
[EventType "team"]
[EventRounds "11"]
[EventCountry "ENG"]
[WhiteTeam "Slough Sharks 2"]
[BlackTeam "White Rose"]

1. e4 Nf6 2. e5 Nd5 3. d4 d6 4. Nf3 dxe5 5. Nxe5 g6 6. Bd3 Bg7 7. O-O O-O 8.
Re1 Nd7 9. Nxd7 Bxd7 10. c3 Be6 11. Nd2 c5 12. Nb3 c4 13. Bxc4 Nxc3 14. Qd3
Bxc4 15. Qxc4 Nd5 16. Bd2 e6 17. Rac1 Nb6 18. Qd3 Qd6 19. Qe4 Nd5 20. Red1 Rac8
21. Rxc8 Rxc8 22. Rc1 Rxc1+ 23. Bxc1 h6 24. Qc2 Qb4 25. Bd2 Qa4 26. a3 Qb5 27.
h3 Kh7 28. Be3 e5 29. Qd1 exd4 30. Bxd4 Bxd4 31. Nxd4 Qxb2 32. Nf3 Nf6 33. Qd3
Kg7 34. Nd2 Qe5 35. Nf3 Qc5 36. Qb3 Qc1+ 37. Kh2 Ne4 38. Qxb7 Nxf2 39. Qxa7
Qh1+ 40. Kg3 Ne4+ 41. Kf4 Nf6 42. Qf2 Qc1+ 43. Qd2 Qxa3 44. Qd4 Qe7 45. Kg3 Kh7
46. Kh2 Nh5 47. Qc4 Ng7 48. Qh4 Qd6+ 49. Qg3 Nf5 50. Qxd6 Nxd6 51. Kg3 Kg7 52.
Ne5 h5 53. Kf3 Kf6 54. Nd3 Kg5 55. Ne5 f6 56. Nd7 Nf7 57. Nc5 Ne5+ 58. Kf2 h4
59. Ke3 Kf5 60. Ne4 Nc4+ 61. Kf3 Ke5 62. Nf2 f5 63. Nd3+ Kd4 64. Nf4 Ne5+ 65.
Ke2 Ke4 66. Ne6 Nf7 67. Nc5+ Kf4 68. Kf2 Ng5 69. Nd3+ Ke4 70. Nc5+ Kd5 71. Nd3
Ne6 72. Kf3 g5 73. Nb4+ Kc4 74. Na6 Kd3 75. Nb4+ Kc4 76. Na6 Kc3 77. Nb8 Kd3
78. Nd7 Nd4+ 79. Kf2 Ke4 80. Nc5+ Ke5 81. Nd3+ Kd5 82. Nb2 Nc2 83. Nd3 Kd4 84.
Nc1 Kc3 85. Ne2+ Kd2 86. Kf3 Ne1+ 87. Kf2 Nxg2 88. Nd4 Nf4 89. Nf3+ Kd3 90.
Nxg5 Ng6 91. Kf3 Kd4 92. Ne6+ Ke5 93. Nc5 Kf6 94. Nb3 Kg5 95. Kg2 Kf4 96. Nd4
Ke4 97. Nc2 f4 98. Kf2 Ne5 99. Kg2 f3+ 100. Kf1 Kf4 101. Nd4 Kg3 102. Kg1 Kxh3
103. Nxf3 Nxf3+ 104. Kh1 Kg4 0-1

[Event "4NCL/Div2/SLOS2 vs. WRO"]
[Site "Sunningdale ENG"]
[Date "2006.09.16"]
[Round "1.4"]
[White "Gayson, Peter M"]
[Black "Lewis, Andrew (reserve)"]
[Result "1/2-1/2"]
[WhiteElo "2240"]
[BlackElo "2005"]
[PlyCount "88"]
[EventDate "2006.09.16"]
[EventType "team"]
[EventRounds "11"]
[EventCountry "ENG"]
[WhiteTeam "White Rose"]
[BlackTeam "Slough Sharks 2"]

1. e4 c5 2. Nf3 d6 3. d4 cxd4 4. Nxd4 Nf6 5. Nc3 g6 6. f4 Nc6 7. Be2 Bd7 8. Be3
a6 9. O-O Qc7 10. Nd5 Nxd5 11. exd5 Nd8 12. f5 Bg7 13. Qd2 Bxf5 14. Nxf5 gxf5
15. Rxf5 Bxb2 16. Raf1 Qc3 17. Qxc3 Bxc3 18. Bb6 f6 19. Bh5+ Nf7 20. R1f4 Rc8
21. Rg4 Kf8 22. Be3 b5 23. a4 Rg8 24. axb5 Rxg4 25. Bxg4 axb5 26. Rh5 Rc4 27.
Be6 Nd8 28. Bf5 Bd4 29. Kf2 Bxe3+ 30. Kxe3 Rc5 31. Be4 Nf7 32. Bxh7 Ng5 33. Bd3
Rxd5 34. Rh8+ Kg7 35. Rb8 Re5+ 36. Kf2 Ne4+ 37. Bxe4 Rxe4 38. Rxb5 Rc4 39. Rb2
e5 40. Ke3 d5 41. Kd2 Rh4 42. h3 Rc4 43. c3 Ra4 44. Kd3 Kf7 1/2-1/2

[Event "4NCL/Div2/SLOS2 vs. WRO"]
[Site "Sunningdale ENG"]
[Date "2006.09.16"]
[Round "1.5"]
[White "Muter, Donny"]
[Black "Barrett, Steve J"]
[Result "0-1"]
[WhiteElo "2131"]
[BlackElo "2206"]
[PlyCount "52"]
[EventDate "2006.09.16"]
[EventType "team"]
[EventRounds "11"]
[EventCountry "ENG"]
[WhiteTeam "Slough Sharks 2"]
[BlackTeam "White Rose"]

1. d4 Nf6 2. Nf3 g6 3. c4 Bg7 4. Nc3 O-O 5. e4 d6 6. Bg5 h6 7. Bh4 g5 8. Bg3
Nh5 9. d5 e6 10. Nd2 Nxg3 11. hxg3 f5 12. Be2 Na6 13. dxe6 Bxe6 14. exf5 Bxf5
15. Nf1 c6 16. Qd2 Qa5 17. Ne3 Bg6 18. O-O Rad8 19. Bd3 Bxd3 20. Qxd3 Nc5 21.
Qg6 Rf6 22. Qc2 Re6 23. Rab1 Qb4 24. Ne2 Ne4 25. Qd3 Rde8 26. Nd4 Nxf2 0-1

[Event "4NCL/Div2/SLOS2 vs. WRO"]
[Site "Sunningdale ENG"]
[Date "2006.09.16"]
[Round "1.6"]
[White "Cumbers, Paul"]
[Black "Ruston, Mark R"]
[Result "0-1"]
[WhiteElo "2171"]
[BlackElo "2092"]
[PlyCount "66"]
[EventDate "2006.09.16"]
[EventType "team"]
[EventRounds "11"]
[EventCountry "ENG"]
[WhiteTeam "White Rose"]
[BlackTeam "Slough Sharks 2"]

1. e4 e6 2. d4 d5 3. e5 c5 4. c3 Nc6 5. Nf3 Qb6 6. a3 Nh6 7. Bd3 Bd7 8. Bc2
cxd4 9. cxd4 Nf5 10. Bxf5 exf5 11. Nc3 Be6 12. b4 Rc8 13. Qd3 Nxb4 14. axb4
Rxc3 15. Qd1 Bxb4 16. O-O O-O 17. Be3 a5 18. h4 f4 19. Bxf4 Bg4 20. Be3 Qg6 21.
Kh2 f6 22. Rc1 Rxc1 23. Bxc1 Qe4 24. Qb3 Bxf3 25. gxf3 Qxh4+ 26. Kg2 Qxd4 27.
Rd1 Qc4 28. Qe3 Bc5 29. Qe1 Re8 30. Qxa5 fxe5 31. Bg5 e4 32. Rc1 exf3+ 33. Kh1
Qg4 0-1

[Event "4NCL/Div2/SLOS2 vs. WRO"]
[Site "Sunningdale ENG"]
[Date "2006.09.16"]
[Round "1.7"]
[White "Varnam, Liam D"]
[Black "Arnott, Jonathan W"]
[Result "1/2-1/2"]
[WhiteElo "2035"]
[BlackElo "2126"]
[PlyCount "102"]
[EventDate "2006.09.16"]
[EventType "team"]
[EventRounds "11"]
[EventCountry "ENG"]
[WhiteTeam "Slough Sharks 2"]
[BlackTeam "White Rose"]

1. e4 e6 2. d4 d5 3. Nc3 dxe4 4. Nxe4 Qd5 5. Nc3 Bb4 6. Nf3 c5 7. Bd2 Bxc3 8.
bxc3 Nc6 9. Be3 c4 10. a4 Bd7 11. Qb1 Na5 12. Qb4 Ne7 13. Be2 Nec6 14. Qa3 a6
15. O-O b5 16. axb5 axb5 17. Nd2 Qf5 18. Bf3 Rb8 19. Ne4 Nb7 20. Nd6+ Nxd6 21.
Qxd6 Rc8 22. Ra6 Ne7 23. Rfa1 Rd8 24. Ra7 Nc8 25. Qg3 O-O 26. R7a2 Nb6 27. Qh4
h6 28. Be4 g5 29. Bxf5 gxh4 30. Be4 Kg7 31. Ra6 Na4 32. d5 Bc8 33. dxe6 fxe6
34. Ra7+ Rf7 35. Bxh6+ Kg8 36. Rxf7 Kxf7 37. Bg5 Rg8 38. Be3 Kf6 39. Ra3 Rd8
40. Bf3 e5 41. h3 Bf5 42. Bc6 Rd1+ 43. Kh2 Bd7 44. Bxd7 Rxd7 45. g3 hxg3+ 46.
Kxg3 Rd1 47. h4 Kf5 48. h5 Rg1+ 49. Kh2 Rb1 50. h6 Kg6 51. Kh3 Rg1 1/2-1/2

[Event "4NCL/Div2/SLOS2 vs. WRO"]
[Site "Sunningdale ENG"]
[Date "2006.09.16"]
[Round "1.8"]
[White "Mohammad, Mursal"]
[Black "Jain, Akash"]
[Result "1/2-1/2"]
[WhiteElo "1960"]
[BlackElo "1955"]
[PlyCount "35"]
[EventDate "2006.09.16"]
[EventType "team"]
[EventRounds "11"]
[EventCountry "ENG"]
[WhiteTeam "White Rose"]
[BlackTeam "Slough Sharks 2"]

1. e4 c5 2. Nf3 e6 3. d4 cxd4 4. Nxd4 a6 5. Be3 Nf6 6. Nc3 Bb4 7. Bd3 Qc7 8.
Qd2 d5 9. exd5 Nxd5 10. Nde2 b5 11. Be4 Bb7 12. Bxd5 Bxd5 13. Qd4 Nc6 14. Qxg7
O-O-O 15. O-O-O Bxc3 16. Nxc3 Nb4 17. a3 Rdg8 18. Qf6 1/2-1/2

[Event "4NCL/Div2/CAMB1 vs. HKF2"]
[Site "Sunningdale ENG"]
[Date "2006.09.16"]
[Round "1.1"]
[White "Mah, Karl C C"]
[Black "Lindner, Daniel"]
[Result "1-0"]
[WhiteElo "2415"]
[BlackElo "2271"]
[PlyCount "101"]
[EventDate "2006.09.16"]
[EventType "team"]
[EventRounds "11"]
[EventCountry "ENG"]
[WhiteTeam "Cambridge U 1"]
[BlackTeam "H Kingfisher 2"]

1. Nf3 Nf6 2. c4 e6 3. g3 b6 4. Bg2 Bb7 5. O-O Be7 6. b3 O-O 7. Bb2 d5 8. cxd5
Nxd5 9. Na3 c5 10. d3 Nc6 11. Nc4 b5 12. Ncd2 Rc8 13. a3 Qb6 14. Ra2 Bf6 15.
Bxf6 Nxf6 16. Qa1 Nd4 17. Nxd4 Bxg2 18. Kxg2 cxd4 19. Rc1 e5 20. Rac2 Qb7+ 21.
Nf3 Nd7 22. Qa2 Nb6 23. Rxc8 Rxc8 24. Rxc8+ Nxc8 25. Qc2 f6 26. Qc5 Kf7 27. Kg1
Ne7 28. Nd2 Qb6 29. Qxb6 axb6 30. e4 Ke6 31. f4 Nc6 32. b4 Kf7 33. Kf2 Ke6 34.
Kf3 Kf7 35. Ke2 Ke6 36. Nf3 h6 37. h4 Ne7 38. Kd2 Kd6 39. h5 Nc6 40. Ke2 Nd8
41. Nh4 Ne6 42. Nf5+ Kd7 43. fxe5 fxe5 44. Kf3 Ke8 45. Nd6+ Kd7 46. Nxb5 Nd8
47. Kg4 Kc6 48. a4 Kd7 49. Na7 Ke6 50. a5 bxa5 51. bxa5 1-0

[Event "4NCL/Div2/CAMB1 vs. HKF2"]
[Site "Sunningdale ENG"]
[Date "2006.09.16"]
[Round "1.2"]
[White "Cooper, Lawrence"]
[Black "Alfred, Nathan S W"]
[Result "1-0"]
[WhiteElo "2309"]
[BlackElo "2327"]
[PlyCount "111"]
[EventDate "2006.09.16"]
[EventType "team"]
[EventRounds "11"]
[EventCountry "ENG"]
[WhiteTeam "H Kingfisher 2"]
[BlackTeam "Cambridge U 1"]

1. e4 e6 2. d4 d5 3. Nd2 Be7 4. Bd3 Nc6 5. Ngf3 Nb4 6. Be2 dxe4 7. Nxe4 Nf6 8.
Nxf6+ Bxf6 9. c3 Nd5 10. O-O O-O 11. Bd3 Qe7 12. Qc2 g6 13. Bh6 Rd8 14. Rad1 c5
15. dxc5 Qxc5 16. Be4 Bd7 17. Bxd5 exd5 18. Nd4 Bc6 19. Qe2 Re8 20. Qf3 Bg7 21.
Bxg7 Kxg7 22. Qg3 Kh8 23. Rfe1 Qf8 24. Nxc6 bxc6 25. Qc7 Rxe1+ 26. Rxe1 Re8 27.
Rf1 c5 28. Qxa7 Ra8 29. Qd7 Rxa2 30. Rb1 Qa8 31. Qxf7 Ra1 32. Qf6+ Kg8 33. Qe6+
Kg7 34. Qe7+ Kg8 35. Qe6+ Kg7 36. Re1 Rxe1+ 37. Qxe1 c4 38. h3 Qb7 39. Qe5+ Kg8
40. Qe8+ Kg7 41. Qe5+ Kg8 42. h4 Qf7 43. Kf1 Qd7 44. h5 gxh5 45. Qg5+ Kf8 46.
Qh6+ Kg8 47. Qxh5 Qb7 48. g3 Qc6 49. Qg5+ Kf8 50. Qe5 Kg8 51. Ke2 Qb7 52. Ke3
Qb6+ 53. Kf3 Qc5 54. Kg4 Qxf2 55. Qxd5+ Kg7 56. Qd4+ 1-0

[Event "4NCL/Div2/CAMB1 vs. HKF2"]
[Site "Sunningdale ENG"]
[Date "2006.09.16"]
[Round "1.3"]
[White "Moskovic, David M"]
[Black "McFarland, Robert S"]
[Result "1-0"]
[WhiteElo "2272"]
[BlackElo "2238"]
[PlyCount "79"]
[EventDate "2006.09.16"]
[EventType "team"]
[EventRounds "11"]
[EventCountry "ENG"]
[WhiteTeam "Cambridge U 1"]
[BlackTeam "H Kingfisher 2"]

1. e4 g6 2. d4 Bg7 3. Nc3 c6 4. Be3 d5 5. e5 f6 6. f4 Nh6 7. Nf3 Nd7 8. Qd2 b5
9. a3 Nb6 10. b3 Be6 11. Bd3 Qd7 12. h3 Nf7 13. O-O O-O 14. a4 a6 15. a5 Nc8
16. Nh4 f5 17. Nd1 Rb8 18. c3 Nh6 19. Nf2 Qc7 20. Be2 Bd7 21. Nd3 e6 22. Nc5
Qa7 23. Nf3 Nf7 24. Ne1 Ne7 25. Ned3 Bc8 26. Nb4 Nd8 27. Bf2 Rf7 28. Bh4 Ra8
29. Kh1 Qc7 30. Ra2 Rf8 31. Rc1 Re8 32. c4 Qa7 33. Rac2 Bf8 34. cxb5 cxb5 35.
Ncd3 Bb7 36. Rc7 Qb8 37. Rd7 Bc8 38. Rd6 Kf7 39. Rb6 Qa7 40. Nc5 1-0

[Event "4NCL/Div2/CAMB1 vs. HKF2"]
[Site "Sunningdale ENG"]
[Date "2006.09.16"]
[Round "1.4"]
[White "Smith, Andrew P"]
[Black "Churm, Rohan M"]
[Result "1/2-1/2"]
[WhiteElo "2198"]
[BlackElo "2177"]
[PlyCount "56"]
[EventDate "2006.09.16"]
[EventType "team"]
[EventRounds "11"]
[EventCountry "ENG"]
[WhiteTeam "H Kingfisher 2"]
[BlackTeam "Cambridge U 1"]

1. e4 e6 2. d4 d5 3. e5 c5 4. Qg4 Nc6 5. Nf3 Nxd4 6. Nxd4 cxd4 7. Bd3 Bd7 8.
O-O Qb6 9. a4 Ne7 10. Nd2 Rc8 11. Nf3 Nf5 12. Bd2 h5 13. Qh3 g6 14. Rfe1 Bb4
15. a5 Qc5 16. Bxb4 Qxb4 17. Bxf5 gxf5 18. Qh4 Rxc2 19. Nxd4 Rg8 20. Rad1 Rc4
21. b3 Qxb3 22. Qxh5 Qa4 23. Nxf5 exf5 24. e6 Bxe6 25. Rxe6+ Kf8 26. Qh6+ Rg7
27. Qh8+ Rg8 28. Qh6+ Rg7 1/2-1/2

[Event "4NCL/Div2/CAMB1 vs. HKF2"]
[Site "Sunningdale ENG"]
[Date "2006.09.16"]
[Round "1.5"]
[White "Eckersley-Waites, Adam"]
[Black "Buckley, Melanie"]
[Result "1-0"]
[WhiteElo "2147"]
[BlackElo "2135"]
[PlyCount "77"]
[EventDate "2006.09.16"]
[EventType "team"]
[EventRounds "11"]
[EventCountry "ENG"]
[WhiteTeam "Cambridge U 1"]
[BlackTeam "H Kingfisher 2"]

1. e4 e6 2. d4 d5 3. Nc3 Bb4 4. e5 c5 5. a3 Bxc3+ 6. bxc3 Ne7 7. Qg4 Kf8 8. Bd3
b6 9. h4 Ba6 10. h5 h6 11. Bxa6 Nxa6 12. Qd1 Rc8 13. Bd2 Nb8 14. g4 Qc7 15. Rc1
Nbc6 16. Ne2 Na5 17. O-O Nc4 18. f4 Qd7 19. Ng3 Nc6 20. f5 Nb2 21. Qe1 Nc4 22.
Qf2 Nxd2 23. Qxd2 Na5 24. Ne2 Rc6 25. Qd3 exf5 26. gxf5 Qe7 27. Rf2 Nc4 28. Rg2
cxd4 29. cxd4 Qxa3 30. c3 Rg8 31. Qf3 Qe7 32. Qxd5 Rc8 33. Qf3 b5 34. f6 gxf6
35. Rxg8+ Kxg8 36. Qg4+ Kh7 37. Qf5+ Kg7 38. Qxc8 fxe5 39. Qg4+ 1-0

[Event "4NCL/Div2/CAMB1 vs. HKF2"]
[Site "Sunningdale ENG"]
[Date "2006.09.16"]
[Round "1.6"]
[White "Hagesaether, Arne"]
[Black "Jones, Richard M"]
[Result "0-1"]
[WhiteElo "2186"]
[BlackElo "2078"]
[PlyCount "42"]
[EventDate "2006.09.16"]
[EventType "team"]
[EventRounds "11"]
[EventCountry "ENG"]
[WhiteTeam "H Kingfisher 2"]
[BlackTeam "Cambridge U 1"]

1. e4 e5 2. Nf3 Nc6 3. Bb5 a6 4. Bxc6 dxc6 5. O-O Bd6 6. d4 Bg4 7. dxe5 Bxf3 8.
Qxf3 Bxe5 9. Rd1 Qe7 10. Nc3 Nf6 11. Bg5 O-O 12. Re1 Rad8 13. Kh1 Rfe8 14. Nd1
Qc5 15. Bxf6 Bxf6 16. c3 Rd2 17. Rb1 Qc4 18. Qe3 Red8 19. e5 Bh4 20. g3 Be7 21.
a3 R8d3 0-1

[Event "4NCL/Div2/CAMB1 vs. HKF2"]
[Site "Sunningdale ENG"]
[Date "2006.09.16"]
[Round "1.7"]
[White "Powell, Annie"]
[Black "Crombleholme, Alan K"]
[Result "0-1"]
[WhiteElo "2024"]
[BlackElo "2110"]
[PlyCount "56"]
[EventDate "2006.09.16"]
[EventType "team"]
[EventRounds "11"]
[EventCountry "ENG"]
[WhiteTeam "Cambridge U 1"]
[BlackTeam "H Kingfisher 2"]

1. e4 e6 2. d4 d5 3. Nd2 Nf6 4. e5 Nfd7 5. Bd3 c5 6. c3 Nc6 7. Ne2 cxd4 8. cxd4
f6 9. exf6 Nxf6 10. Nf3 Bd6 11. O-O Qc7 12. Bg5 O-O 13. Bh4 g6 14. Bg3 Nh5 15.
Bxd6 Qxd6 16. Ng3 Nxg3 17. hxg3 Bd7 18. Qd2 Rxf3 19. gxf3 Nxd4 20. Be2 e5 21.
Kg2 Qf6 22. Rad1 Bc6 23. Rde1 Rf8 24. Qc3 Nxe2 25. Rxe2 d4 26. Qb3+ Kh8 27. Rc2
Bxf3+ 28. Kg1 Qf5 0-1

[Event "4NCL/Div2/CAMB1 vs. HKF2"]
[Site "Sunningdale ENG"]
[Date "2006.09.16"]
[Round "1.8"]
[White "Wilson, Alexandra"]
[Black "Spencer, Carl"]
[Result "0-1"]
[WhiteElo "2090"]
[BlackElo "2030"]
[PlyCount "68"]
[EventDate "2006.09.16"]
[EventType "team"]
[EventRounds "11"]
[EventCountry "ENG"]
[WhiteTeam "H Kingfisher 2"]
[BlackTeam "Cambridge U 1"]

1. e4 e6 2. d4 d5 3. e5 c5 4. c3 Nc6 5. Nf3 Bd7 6. Be2 Nge7 7. O-O Ng6 8. a3
Be7 9. b4 cxd4 10. cxd4 O-O 11. Be3 f6 12. exf6 Bxf6 13. Bd3 Be8 14. Nc3 Bf7
15. Rc1 Qd6 16. Nb5 Qd7 17. Qd2 a6 18. Nc3 Rad8 19. Bg5 e5 20. dxe5 Ncxe5 21.
Nxe5 Nxe5 22. Bxf6 gxf6 23. Be2 Qf5 24. f4 Nc4 25. Qd4 Rfe8 26. Bd3 Qg4 27. Rf3
Qe6 28. Rg3+ Kh8 29. Nxd5 Rxd5 30. Qxc4 Qb6+ 31. Kf1 Red8 32. Qc2 Qd6 33. Bxh7
Rd2 34. Qe4 Rd1+ 0-1

[Event "4NCL/Div2/BARY vs. BAR2"]
[Site "Sunningdale ENG"]
[Date "2006.09.16"]
[Round "1.1"]
[White "Manley, Jon P"]
[Black "Rogers, Jonathan W"]
[Result "1/2-1/2"]
[WhiteElo "2177"]
[BlackElo "2353"]
[PlyCount "42"]
[EventDate "2006.09.16"]
[EventType "team"]
[EventRounds "11"]
[EventCountry "ENG"]
[WhiteTeam "Barbican Yth"]
[BlackTeam "Barbican 4NCL 2"]

1. e4 e5 2. Nf3 Nc6 3. Nc3 Nf6 4. Bb5 Bb4 5. O-O O-O 6. d3 d6 7. Bg5 Bxc3 8.
bxc3 h6 9. Bh4 Bd7 10. Rb1 Rb8 11. Re1 Re8 12. Qc1 a6 13. Ba4 Na5 14. Bb3 c5
15. Bd5 Qe7 16. h3 Nc6 17. d4 cxd4 18. cxd4 exd4 19. Qd2 Rec8 20. Nxd4 Nxd4 21.
Qxd4 Qe5 1/2-1/2

[Event "4NCL/Div2/BARY vs. BAR2"]
[Site "Sunningdale ENG"]
[Date "2006.09.16"]
[Round "1.2"]
[White "Pritchett, Craig W"]
[Black "Farrand, Julian T"]
[Result "0-1"]
[WhiteElo "2289"]
[BlackElo "2154"]
[PlyCount "52"]
[EventDate "2006.09.16"]
[EventType "team"]
[EventRounds "11"]
[EventCountry "ENG"]
[WhiteTeam "Barbican 4NCL 2"]
[BlackTeam "Barbican Yth"]

1. Nf3 d6 2. d4 Nd7 3. e4 c6 4. Bc4 d5 5. exd5 Nb6 6. Bd3 cxd5 7. O-O e6 8. a4
a6 9. a5 Nd7 10. c4 dxc4 11. Bxc4 Bd6 12. d5 e5 13. Nc3 Ngf6 14. Bg5 Qc7 15.
Qe2 O-O 16. Rfc1 h6 17. Bh4 Re8 18. Bd3 Qb8 19. Bc2 e4 20. Bxf6 Nxf6 21. Ne1
Bxh2+ 22. Kh1 Bf4 23. Rcb1 Bg4 24. Qf1 Qe5 25. g3 Bd2 26. Bd1 Bxe1 0-1

[Event "4NCL/Div2/BARY vs. BAR2"]
[Site "Sunningdale ENG"]
[Date "2006.09.16"]
[Round "1.3"]
[White "Williamson, Paul L"]
[Black "Taylor, Martin R"]
[Result "0-1"]
[WhiteElo "2135"]
[BlackElo "2332"]
[PlyCount "64"]
[EventDate "2006.09.16"]
[EventType "team"]
[EventRounds "11"]
[EventCountry "ENG"]
[WhiteTeam "Barbican Yth"]
[BlackTeam "Barbican 4NCL 2"]

1. d4 d5 2. c4 e6 3. Nc3 Nf6 4. Nf3 c6 5. cxd5 exd5 6. Bf4 Bd6 7. Bxd6 Qxd6 8.
e3 Nbd7 9. Bd3 O-O 10. O-O Re8 11. Qc2 Nf8 12. Ne5 Ng4 13. Nxg4 Bxg4 14. Ne2
Rad8 15. Ng3 Bc8 16. Rae1 g6 17. f4 f5 18. Rf3 b6 19. Rc1 Bd7 20. a3 Ne6 21. b4
Rc8 22. Qb2 a5 23. Bb1 axb4 24. axb4 Ra8 25. Rc3 Bc8 26. Rb3 Ba6 27. Bd3 Bc4
28. Bxc4 dxc4 29. Ra3 Nc7 30. e4 fxe4 31. Rxa8 Nxa8 32. Re3 Qxf4 0-1

[Event "4NCL/Div2/BARY vs. BAR2"]
[Site "Sunningdale ENG"]
[Date "2006.09.16"]
[Round "1.4"]
[White "Bigg, Andrew J"]
[Black "Levermore, Peter A"]
[Result "1-0"]
[WhiteElo "2265"]
[BlackElo "2102"]
[PlyCount "51"]
[EventDate "2006.09.16"]
[EventType "team"]
[EventRounds "11"]
[EventCountry "ENG"]
[WhiteTeam "Barbican 4NCL 2"]
[BlackTeam "Barbican Yth"]

1. d4 g6 2. e4 Bg7 3. Nc3 d6 4. Be3 a6 5. Qd2 Nf6 6. Nf3 O-O 7. Bd3 b5 8. a4 b4
9. Ne2 a5 10. Bh6 c5 11. e5 dxe5 12. dxe5 Ng4 13. Bxg7 Kxg7 14. h3 Nh6 15. Ng3
Bf5 16. Qg5 Bxd3 17. Nh5+ Kh8 18. Qxh6 gxh5 19. O-O-O Qc8 20. Rxd3 Nc6 21. Ng5
Qf5 22. Rf3 Qg6 23. Nxf7+ Kg8 24. Rg3 Kxf7 25. Rxg6 hxg6 26. Qh7+ 1-0

[Event "4NCL/Div2/BARY vs. BAR2"]
[Site "Sunningdale ENG"]
[Date "2006.09.16"]
[Round "1.5"]
[White "Moore, John C"]
[Black "Dorrington, Christopher"]
[Result "0-1"]
[WhiteElo "2030"]
[BlackElo "2231"]
[PlyCount "64"]
[EventDate "2006.09.16"]
[EventType "team"]
[EventRounds "11"]
[EventCountry "ENG"]
[WhiteTeam "Barbican Yth"]
[BlackTeam "Barbican 4NCL 2"]

1. e4 c5 2. Nf3 e6 3. d4 cxd4 4. Nxd4 Nf6 5. Nc3 d6 6. g3 Be7 7. Bg2 O-O 8. O-O
a6 9. a4 Qc7 10. h3 Nbd7 11. g4 Nb6 12. Nde2 h6 13. b3 Bd7 14. Be3 Bc6 15. a5
Nbd7 16. f4 Rad8 17. Nd4 Rfe8 18. g5 Nh7 19. g6 Nhf8 20. gxf7+ Kxf7 21. f5 Bf6
22. fxe6+ Nxe6 23. Nd5 Bxd5 24. exd5 Nxd4 25. Bxd4 Kg8 26. Bxf6 Nxf6 27. Qd3
Re5 28. Rf5 Rxf5 29. Qxf5 Re8 30. Qg6 Qc3 31. Rf1 Re2 32. Rf4 Qe3+ 0-1

[Event "4NCL/Div2/BARY vs. BAR2"]
[Site "Sunningdale ENG"]
[Date "2006.09.16"]
[Round "1.6"]
[White "Taylor, Peter"]
[Black "Hillman, Jamie O"]
[Result "1-0"]
[WhiteElo "2220"]
[BlackElo "2006"]
[PlyCount "61"]
[EventDate "2006.09.16"]
[EventType "team"]
[EventRounds "11"]
[EventCountry "ENG"]
[WhiteTeam "Barbican 4NCL 2"]
[BlackTeam "Barbican Yth"]

1. Nf3 Nf6 2. c4 e6 3. Nc3 d5 4. d4 Bb4 5. cxd5 exd5 6. Bg5 O-O 7. Qc2 Be6 8.
e3 Nbd7 9. Bd3 h6 10. Bh4 c5 11. dxc5 Bxc5 12. O-O a6 13. Rac1 Rc8 14. Qd2 b5
15. a4 b4 16. Ne2 Qa5 17. Ned4 Bg4 18. Bxf6 Nxf6 19. Nb3 Qb6 20. a5 Qa7 21. Ne5
Rfe8 22. Nxg4 Nxg4 23. Nxc5 Rxc5 24. Be2 Nf6 25. Qxb4 Rxc1 26. Rxc1 Rxe3 27.
Bxa6 Re7 28. Qb6 Qd7 29. h3 Qf5 30. Qc5 Re6 31. Bc8 1-0

[Event "4NCL/Div2/BARY vs. BAR2"]
[Site "Sunningdale ENG"]
[Date "2006.09.16"]
[Round "1.7"]
[White "Wells, Daniel"]
[Black "Twyble, Michael S"]
[Result "0-1"]
[WhiteElo "1997"]
[BlackElo "2215"]
[PlyCount "62"]
[EventDate "2006.09.16"]
[EventType "team"]
[EventRounds "11"]
[EventCountry "ENG"]
[WhiteTeam "Barbican Yth"]
[BlackTeam "Barbican 4NCL 2"]

1. e4 e5 2. Nf3 Nc6 3. Bb5 a6 4. Ba4 Nf6 5. O-O Nxe4 6. d4 b5 7. Bb3 d5 8. dxe5
Be6 9. Nbd2 Nc5 10. c3 d4 11. cxd4 Nxd4 12. Nxd4 Qxd4 13. Bxe6 fxe6 14. Qe2
O-O-O 15. Nb3 Qd3 16. Qg4 Qf5 17. Qxf5 exf5 18. Bg5 Re8 19. f4 Ne6 20. Bh4 c5
21. a4 c4 22. Rfc1 Nxf4 23. Rc2 Rxe5 24. axb5 axb5 25. Bf2 Nd3 26. Ra8+ Kb7 27.
Ra7+ Kb8 28. Na5 Re1+ 29. Bxe1 Kxa7 30. Bg3 Bc5+ 31. Kf1 Kb6 0-1

[Event "4NCL/Div2/BARY vs. BAR2"]
[Site "Sunningdale ENG"]
[Date "2006.09.16"]
[Round "1.8"]
[White "Smith, Lucy"]
[Black "Anandajeyarajah, Thilagini"]
[Result "1-0"]
[WhiteElo "1860"]
[BlackElo "1835"]
[PlyCount "49"]
[EventDate "2006.09.16"]
[EventType "team"]
[EventRounds "11"]
[EventCountry "ENG"]
[WhiteTeam "Barbican 4NCL 2"]
[BlackTeam "Barbican Yth"]

1. d4 e6 2. c4 d5 3. Nc3 Nf6 4. Bg5 Nbd7 5. e3 c6 6. a3 dxc4 7. Bxc4 Qa5 8.
Bxf6 Nxf6 9. Nf3 Nd5 10. Rc1 Nxc3 11. Rxc3 Bxa3 12. O-O Bd6 13. e4 b5 14. Bb3
Bd7 15. d5 cxd5 16. exd5 e5 17. Nxe5 Bxe5 18. Re1 O-O 19. Rxe5 Rfe8 20. Rce3
Kf8 21. h3 Rxe5 22. Rxe5 Rc8 23. d6 Qb4 24. Re7 Be8 25. d7 1-0